Bài tập vẽ kỹ thuật xây dựng

Trong tập 1 của cuốn sách đã được chọn lại. Trong tập này ngoài phần hướng dẫn thực hiện các bài tập về các tiêu chuẩn cơ bản thành lập bản vẽ kỹ thuật, các phương pháp dựng và vẽ hình, các phương pháp biểu diễn vật thể trong hình...

Descrición completa

Gardado en:
Detalles Bibliográficos
Autor Principal: Đặng, Văn Cứ
Formato: Libro
Idioma:Undetermined
Publicado: Hà Nội Giáo Dục 2006
Những chủ đề:
Các nhãn: Engadir etiqueta
Sen Etiquetas, Sexa o primeiro en etiquetar este rexistro!
Thư viện lưu trữ: Trung tâm Học liệu Trường Đại học Cần Thơ
LEADER 01134nam a2200217Ia 4500
001 CTU_123414
008 210402s9999 xx 000 0 und d
020 |c 12500 
082 |a 692.1 
082 |b C550/T.1 
100 |a Đặng, Văn Cứ 
245 0 |a Bài tập vẽ kỹ thuật xây dựng 
245 0 |c Đặng Văn Cứ, Nguyễn Quang Cự, Đoàn Như Kim 
260 |a Hà Nội 
260 |b Giáo Dục 
260 |c 2006 
520 |a Trong tập 1 của cuốn sách đã được chọn lại. Trong tập này ngoài phần hướng dẫn thực hiện các bài tập về các tiêu chuẩn cơ bản thành lập bản vẽ kỹ thuật, các phương pháp dựng và vẽ hình, các phương pháp biểu diễn vật thể trong hình chiếu thẳng góc, hình chiếu trục đo, hình cắt và mặt cắt... 
650 |a Building,Construction equipment 
650 |x Equipment and supplies,Drawings,Drawings 
904 |i Tuyến 
980 |a Trung tâm Học liệu Trường Đại học Cần Thơ